| 000 | 00466nam a2200157Ia 4500 | ||
|---|---|---|---|
| 008 | 151213s9999 xx 000 0 und d | ||
| 100 | _aAlan R. Andreas & Philip Kottler | ||
| 245 |
_aStrategic Marketing for Non Profit Organization _cAlan R. Andreas & Philip Kottler |
||
| 250 | _a5th | ||
| 260 |
_aNew Jersey _bPrentic Hall _c1996 |
||
| 300 | _a2638 p. | ||
| 650 | _aMarketing | ||
| 650 | _aMarketing | ||
| 700 | _aAlan R. Andreas & Philip Kottler | ||
| 999 |
_c1750 _d1750 |
||